Regressionnyj analiz i jego matematičeskoje obespečenije na JES EVM praktičeskoje rukovodstvo

Salvato in:
Dettagli Bibliografici
Autore principale: Petrovič, Marija Ljudvigovna
Natura: Libro
Lingua:russo
Pubblicazione: Moskva Finansy i statistika 1982
Tags: Aggiungi Tag
Nessun Tag, puoi essere il primo ad aggiungerne!!

MARC

LEADER 00000nam a2200000 4500
001 c130473
005 20041019155249.5
041 0 |a rus 
044 |a RU 
245 1 0 |a Regressionnyj analiz i jego matematičeskoje obespečenije na JES EVM  |b praktičeskoje rukovodstvo  |c Marija Ljudvigovna Petrovič 
264 1 |a Moskva  |b Finansy i statistika  |c 1982 
300 |a 199 s. 
100 1 |a Petrovič, Marija Ljudvigovna